Foglie umane /
Na minha lista:
| Autor principal: | |
|---|---|
| Formato: | Livro |
| Idioma: | Língua italiana |
| Publicado em: |
Forli :
Zoe,
[2000]
|
| Tags: |
Sem tags, seja o primeiro a adicionar uma tag!
|
MARC
| LEADER | 00000nam a22000007i 4500 | ||
|---|---|---|---|
| 001 | IT\ICCU\UBO\1141243 | ||
| 003 | ItRI | ||
| 005 | 20260216161128.0 | ||
| 008 | 001027s2000 it |||||| ||||| |||||c | ||
| 020 | |a 8886865155 | ||
| 040 | |b ita |c ARCIGAY RIMINI | ||
| 041 | 7 | |a ita |2 ISO-639-2 | |
| 100 | 0 | |a Clam |0 IT\ICCU\CFIV\172969 |4 aut | |
| 245 | 1 | 0 | |a Foglie umane / |c Clam. |
| 260 | |a Forli : |b Zoe, |c [2000] | ||
| 300 | |a 217 p. ; |c 20 cm. | ||
| 942 | |2 ddc |c BK | ||
| 952 | |0 0 |1 0 |2 ddc |4 0 |6 853_920000000000000_CLA_FOG |7 1 |9 2538 |a RN |b RN |d 2024-12-30 |l 0 |o 853.92 CLA FOG |p 9982 |r 2024-12-30 16:29:05 |w 2024-12-30 |y BK | ||
| 952 | |0 0 |1 0 |4 0 |6 DOC_853_914000000000000_CLA |7 0 |9 18010 |a BO |b BO |d 2026-01-15 |i 5421 |l 0 |o DOC 853.914 CLA |p BO5421 |r 2026-01-15 23:19:51 |w 2026-01-15 |x [Sebina 5] [1 v.] |y BK |z 1 v. | ||
| 952 | |0 0 |1 0 |4 0 |6 853_914000000000000_CLA_FOG |7 0 |9 32957 |a VR |b VR |d 2026-02-16 |i 22 |l 0 |o 853.914 CLA FOG |p OBE-22 |r 2026-02-16 15:28:36 |w 2026-02-16 |y BK | ||
| 999 | |c 2204 |d 2204 | ||